01184nam a2200277 i 4500001001000000003000900010005001700019007000300036008004100039040003000080082000700110100004200117245008500159264004500244300004500289336002700334337003300361338002800394504003200422590002700454910001500481942001400496952019300510952018600703999001700889000047346DO-SdBNP20231002115409.0ta130709s1971 dr a 000 0 spa d aDO-SdBNPbspacBNPHUerda 42221 aVincent Cepeda, Rosa A.935868eautor10aManual de geografía general y especial de América /cRosa A. Vincent Cepeda. aSanto Domingo :bAmigo del Hogar,c1971. a230 páginas :bilustraciones ;c24 cm. 2rdacontentatextobtxt 2rdamediaasin mediaciónbn 2rdacarrieravolumenbnc aBibliografía : p. 230-231 aInventariado, 2018/ YL aBtavárez 2ddccLBS1 00102ddc51708PDaBNPHUbBNPHUcCTd2018-05-07eDonaciónl0oBNPHU PD p47346-10r2020-06-25w2020-06-25yLBS1zPerteneció a la biblioteca personal de Bárbara SuncarZNo se presta 00102ddc51708PDaBNPHUbBNPHUcCTd2023-10-02eDonaciónl0oBNPHU PD p2023-6580r2023-10-02te.2w2023-10-02yLBS1zPerteneció a la biblioteca personal de Bárbara Suncar. c46834d46834